000
00325nam a22001337a 4500
999
_c
13784
_d
13784
020
_a
9789694074940
082
_a
954.91
100
_a
Syed Sami Ahmed
245
_a
History of Pakistan and Role of the Army
250
_a
3rd edition
260
_a
Karachi
_b
Royal Book Company
_c
2023
300
_a
XXX, 439 pages
942
_c
BK